The victims (Record no. 36423)

MARC details
000 -LEADER
fixed length control field 00365nam a2200169Ia 4500
020 ## - INTERNATIONAL STANDARD BOOK NUMBER
ISBN 0582642663
050 ## - CALL MARK
Classification number PR 9387.9 .O38/
100 ## - STATEMENT OF RESPONSIBILITY--MAIN AUTHOR NAME
Personal name Okpewho, Isidore
245 #4 - TITLE STATEMENT
Title The victims
260 ## - PUBLICATION, DISTRIBUTION, ETC. (IMPRINT)
Place of publication Abuja
260 ## - PUBLICATION, DISTRIBUTION, ETC. (IMPRINT)
Name of publisher Longman
260 ## - PUBLICATION, DISTRIBUTION, ETC. (IMPRINT)
Year of publication 1970
300 ## - PHYSICAL DESCRIPTION
Number of Pages 200 p
942 ## - ADDED ENTRY ELEMENTS (KOHA)
Koha item type Books
Holdings
Withdrawn status Lost status Source of classification or shelving scheme Damaged status Not for loan Permanent Location Current Location Shelving location Date acquired Accession Number Price effective from Koha item type
    Library of Congress Classification     NILE UNIVERSITY OF NIGERIA - MAIN LIBRARY NILE UNIVERSITY OF NIGERIA - MAIN LIBRARY Items on shelf 04/23/2025 0007319 04/23/2025 Books